000 00700cab a2200229 4500
001 WB3421-10
008 090401t1998 xxu||||| |||| 00| 0 eng d
035 _a(Sirsi) u86591
041 _aeng
245 _aNHBC has new deal
260 _c1998
350 _a0
490 _aContract Journal
_v394(6178) 3 June 1998, 8(1)
520 _aThe NHBC is to introduce a revised conciliation service, which will involve earlier intervention in any disputes between homeowners and builders.
650 _aCONCILIATION SERVICE
650 _aDISPUTES
650 _aNHBC
650 _aREPAIR WORK
690 _aBUILDING AND CONSTRUCTION-REPAIRS AND MAINTENANCE
942 _n0
948 _c04/06/1998
999 _c54518
_d54518